Evolutionary psychology the new science of the mind (Registro nro. 88601)

Detalles MARC
000 -ENCABEZADO
Número de control [NR] 00724nam a22002057a 4500
008 - DE LONGITUD FIJA DE DATOS DE ELEMENTOS - INFORMACIÓN GENERAL
Elementos de longitud fija [NR] 130821s1999 xxua gr eng
020 ## - NUMERO INTERNACIONAL NORMALIZADO PARA LIBROS [R]
Número Internacional Normalizado del libro [NR] 0205193587
040 ## - FUENTE DE CATALOGACION [NR]
Agencia de catalogación original [NR] Co-BoUCM
Idioma de catalogación [NR] spa
041 00 - CODIGO DE IDIOMA [R]
Código de idioma para texto/pista de sonido o título separado [R] Inglés
060 ## - SIGNATURA TOPOGRAFICA DE LA BIBLIOTECA NACIONAL DE MEDICINA (NLM) [R]
Número clasificador [R] BF 701
100 1# - ASIENTO PRINCIPAL--NOMBRE PERSONAL [NR]
Nombre personal [NR] Buss, David M.
ID Autoridad 43091
245 10 - MENCION DE TITULO [NR]
Título [NR] Evolutionary psychology the new science of the mind
Mención de responsabilidad, etc. [NR] David M. Buss
260 ## - PUBLICACION, DISTRIBUCION, ETC. (PIE DE IMPRENTA) [R]
Lugar de publicación, distribución, etc. [R] Boston (Massachusetts, Estados Unidos)
Nombre del editor, distribuidor, etc. [R] Allyn and Bacon
Fecha de publicación, distribución, etc. [R] c1999
300 ## - DESCRIPCION FISICA [R]
Extensión [R] xxii, 456 páginas
Otros detalles físicos [NR] ilustraciones
504 ## - NOTA DE BIBLIOGRAFIA, ETC. [R]
Nota de bibliografía, etc. [NR]
650 04 - ASIENTO SECUNDARIO DE MATERIA - TERMINO TEMATICO [R]
Término temático o nombre geográfico como elemento de entrada [NR] Evolución humana
Subdivisión de forma [R] Libros de texto
9 (RLIN) 15367
650 04 - ASIENTO SECUNDARIO DE MATERIA - TERMINO TEMATICO [R]
Término temático o nombre geográfico como elemento de entrada [NR] Psicología
9 (RLIN) 8001
650 04 - ASIENTO SECUNDARIO DE MATERIA - TERMINO TEMATICO [R]
Término temático o nombre geográfico como elemento de entrada [NR] Psicología
Subdivisión de forma [R] Libros de texto
9 (RLIN) 8001
942 ## - ELEMENTOS DE ENTRADA AGREGADOS (KOHA)
Tipo de ítem principal el descrito en 300a Libro
Tema principal Psicología
Edición 1
Parte restante de la signatura top. B981e
Sistema de clasificación NLM
Clasificación BF 701
Título oculto en OPAC No
Existencias
Fecha de último préstamo Total préstamos Signatura topográfica Código de barras Última vez visto Ejemplar Price effective from Tipo de ítem Nota pública (OPAC) Perdido Sistema de clasificación Dañado No prestable Tipo de ítem específico Suprimido Ubicación habitual Ubicación actual Localización Fecha de creación Forma de adquisición Costo
31/01/2020 4 BF 701 B981e 200015499 12/12/2025 Ej.1 03/02/2013 Libro Spot Psicología & Psiquiatría   NLM     Libro   Quinta de Mutis Quinta de Mutis 3er piso 28/02/2013 Compra 275000.00